100 животни : книга с картинки (Запис номер 517509)
[ съкратено ]
| 000 -Лидер | |
|---|---|
| Контролно поле с фиксирана дължина | 01274nam a2200277 a 4500 |
| 003 - Код на организацията, давaща контролен номер | |
| Контролно поле | BLK |
| 005 - Дата и час на последна редакция | |
| Контролно поле | 20240924085453.0 |
| 008 - Елементи от данни с фиксирана дължина | |
| fixed length control field | 200121b bu ||||ar|||| 00| 0 bu d |
| 020 ## - Международен стандартен номер на книга ISBN | |
| Международен стандартен номер на книга ISBN | 9786192406899 |
| 040 ## - Източник на каталожния запис | |
| Идентификатор на билиотеката - собственик на записа | BLK |
| 041 ## - Код за език | |
| Код за езика на текст/звукозапис или на отделно заглавие | Български |
| Код за езика КДБФ | Български |
| 080 ## - УДК | |
| Текстов определител УДК | Издания за деца и юноши. Книжки-картинки. Читанки. Вж и 372.4 |
| УДК код - определител по УДК | 087.5 |
| УДК - код + определител | 087.5 |
| 100 ## - Редна дума - Автор | |
| Автор | Манолов, Валери |
| Дати, свързани с автора | 1962 - |
| Пълна форма на името | Иванов, Валери Манолов |
| R(LIN) | 365245 |
| 139 ## - Редно поле | |
| Редна дума | Манолов, Валери |
| Авторски знак | Мано - М 27 |
| 245 ## - Сведения за заглавието | |
| Заглавие | 100 животни : книга с картинки |
| Редно поле (дума) | състав. Валери Манолов ; худож. Спас Спасов |
| 260 ## - Област на издателските данни | |
| 9 (RLIN) | 209558 |
| Място на издаване, разпространение и проч. | София |
| Име на издателя, разпространителя и проч. | ПАН |
| Година на издаване | 2023 |
| 300 ## - Физическа характеристика | |
| Страници | 18 с. |
| Илюстрации и др. | с цв. ил. |
| Размери/Мащаб | 22 см |
| 380 ## - Жанр | |
| Жанр | Детска отраслова лит. |
| 500 ## - Общи забележки | |
| Забележка | Кор. опис.<br/>Пълната форма на името на състав. Валери Манолов е Валери Манолов Иванов<br/>Кн. отпеч. на ламиниран картон |
| 650 #0 - Допълнително описание по предмет – тема | |
| 9 (RLIN) | 267880 |
| Основно описание – тема или топоним | Книжки-картинки |
| 700 ## - Други автори (авторска отговорност) | |
| 9 (RLIN) | 367219 |
| Лично име | Спасов, Спас Димитров |
| 852 ## - Местоположение | |
| Форматна сигнатура | Цб 324714 |
| 942 ## - АРТИКУЛИ | |
| Вид на библиотечния материал | Книги |
| Скрит в OPAC | Не |
| Периодичен библиозапис | Да |
| 944 ## - СЪЗДАВАНЕ И РЕДАКЦИЯ на ЗАПИСА | |
| Дата на регистрацията/редакция | Нора Радева |
| Служител, извършил регистрацията/редакцията | 30545 |
| Статус, дата на статуса | Нора Радева |
| Създаване/Редакция | |
| 999 ## - СИСТЕМНИ КОНТРОЛНИ НОМЕРА | |
| Koha biblionumber | 517509 |
| Koha biblioitemnumber | 517509 |
| 999 ## - СИСТЕМНИ КОНТРОЛНИ НОМЕРА | |
| Koha biblioitemnumber | 517508 |
| Код за отписване | Код за изгубен артикул | Източник на класификационната схема | Код за повреда | Коз за рестрикции | Код за отдаване | Артикулен № | Име на библиотеката - собственик | Име на библиотеката, в която се намира в момента | Статус (Текущо местоположение) | Дата на вписване в системата | Местоположение - отдел | Цена в лева | Инвентарен номер | Систематично азбучна сигнатура | Баркод | Цена в евро | Служебен тип на артикула |
|---|---|---|---|---|---|---|---|---|---|---|---|---|---|---|---|---|---|
| Не е изгубен | Universal Decimal Classification | Не е повреден | само за читалня | ползва се в читалня | 949769 | Регионална библиотека "Любен Каравелов" Русе | Регионална библиотека "Любен Каравелов" Русе | Хранилище | 2024-09-25 | Хранилище | 14.90 | 120000913139 | Цб 324714 | 120000913139 | 7.62 | Книги |